Statistics for Tier 1 Countries (Trafficking in Persons 2016)

Click here to take the quiz!

General Stats

  • This quiz has been taken 16 times
  • The average score is 29 of 36

Answer Stats

Answer % Correct
Spain
100%
Italy
100%
United States
100%
France
100%
Iceland
93%
Belgium
93%
Austria
93%
Ireland
93%
Norway
93%
New Zealand
93%
Australia
93%
Portugal
93%
Finland
93%
United Kingdom
93%
Canada
93%
Switzerland
93%
Sweden
93%
Netherlands
93%
Denmark
93%
Poland
87%
Germany
87%
Czech Republic
87%
South Korea
87%
Slovenia
80%
Slovakia
80%
Israel
80%
Lithuania
80%
Chile
73%
Armenia
67%
Colombia
67%
Cyprus
60%
Georgia
60%
Taiwan
53%
Bahamas
40%
Philippines
27%
Sint Maarten
0%

Score Distribution

Percentile by Number Answered

Percent of People with Each Score

Your Score History

You have not taken this quiz